000 00235nam a22001217a 4500
003 SGT
082 _a340,ICR
100 _aICRC
245 _aGENEVA CONVENTION -2
260 _aNEW DELHI
_bICRC
_c2006
300 _a320
942 _2ddc
_cBK
999 _c11155
_d11155